Top 15 Most Meat Consuming Countries Of The World - Statistics

General Stats
  • This quiz has been taken 455 times
  • The average score is 9 of 15
Answer Stats
Hint Answer % Correct
200.60 United States
99%
155.40 Canada
90%
172.20 Brazil
84%
110.70 Russia
82%
107.60 China
81%
186.70 Argentina
80%
205.00 Australia
80%
159.80 Chile
66%
162.00 New Zealand
63%
111.80 South Africa
48%
110.70 South Korea
44%
182.80 Uruguay
44%
111.30 Saudi Arabia
34%
189.60 Israel
27%
121.00 Malaysia
17%
No matching quizzes found
Score Distribution
Percent of People with Each Score
Percentile by Number Answered
Your Score History
You have not taken this quiz